Statistics for MLB Starting Lineups NL Central

Click here to take the quiz!

General Stats

  • This quiz has been taken 6 times
  • The average score is 21 of 60

Answer Stats

HintAnswer% Correct
CFCody Bellinger
100%
2BNico Hoerner
100%
SSDansby Swanson
83%
LFBryan Reynolds
67%
ChicagoCubs
67%
LFIan Happ
67%
1BMichael Busch
67%
CWilliam Contreras
67%
CWillson Contreras
67%
MilwuakeeBrewers
50%
St. LouisCardinals
50%
3BChristopher Morel
50%
CLDevin Williams
50%
SSElly De La Cruz
50%
SPFreddy Peralta
50%
2BJonathan India
50%
3BKe'Bryan Hayes
50%
CMiguel Amaya
50%
SPMitch Keller
50%
SSOneil Cruz
50%
PittsburghPirates
50%
CincinnatiReds
50%
SPShota Imanaga
50%
LFSpencer Steer
50%
SSWilly Adames
50%
DHAndrew McCutchen
33%
LFBrendan Donovan
33%
CLDavid Bednar
33%
CFJackson Chourio
33%
RFMike Tauchman
33%
3BNolan Arenado
33%
DHNolan Gorman
33%
1BPaul Goldschmidt
33%
DHRhys Hoskins
33%
1BRowdy Tellez
33%
CLAlexis Diaz
17%
RFBlake Perkins
17%
2BBrice Turang
17%
CLHector Neris
17%
CHenry Davis
17%
SPHunter Greene
17%
1BJake Bauers
17%
1BJeimer Candelario
17%
3BJoey Ortiz
17%
RFLars Nootbaar
17%
SSMasyn Winn
17%
DHPete Crow-Armstrong
17%
CLRyan Helsley
17%
LFSal Frelick
17%
SPSonny Gray
17%
2BTommy Edman
17%
RFWill Benson
17%
RFConnor Joe
0%
CFJake Fraley
0%
2BJared Triolo
0%
CLuke Maile
0%
CFMichael A. Taylor
0%
CFMichael Siani
0%
DHNick Martini
0%
3BSantiago Espinal
0%

Score Distribution

Percentile by Number Answered

Percent of People with Each Score

Your Score History

You have not taken this quiz